[Event "World Chess Olympiad 2018"]
[Site "Batumi"]
[Date "2018.09.25"]
[Round "2"]
[Board "1"]
[WhiteFideId "16700066"]
[White "Abdul Rahman Ali"]
[BlackFideId "1622218"]
[Black "Kamara Ansumana"]
[Result "1-0"]
[LiveChessVersion "1.4.8"]
[BlackElo "1910"]
[WhiteElo "1850"]

1. d4 {[%clk 1:30:41]} Nf6 {[%clk 1:30:46]} 2. f4 {[%clk 1:30:06]} g6
{[%clk 1:30:19]} 3. Nf3 {[%clk 1:30:03]} Bg7 {[%clk 1:30:29]} 4. e3
{[%clk 1:30:02]} d6 {[%clk 1:30:48]} 5. Bd3 {[%clk 1:30:11]} Nc6 {[%clk 1:30:35]}
6. Bb5 {[%clk 1:27:57]} a6 {[%clk 1:29:49]} 7. Ba4 {[%clk 1:27:07]} b5
{[%clk 1:29:58]} 8. Bb3 {[%clk 1:27:18]} O-O {[%clk 1:30:11]} 9. O-O
{[%clk 1:27:02]} Na5 {[%clk 1:29:54]} 10. c3 {[%clk 1:26:25]} Nxb3
{[%clk 1:29:41]} 11. Qxb3 {[%clk 1:25:49]} c5 {[%clk 1:29:38]} 12. Qd1
{[%clk 1:26:03]} Qc7 {[%clk 1:29:32]} 13. Nbd2 {[%clk 1:26:08]} Bb7
{[%clk 1:29:41]} 14. Qe1 {[%clk 1:25:44]} c4 {[%clk 1:29:18]} 15. e4
{[%clk 1:25:36]} Nd7 {[%clk 1:28:53]} 16. e5 {[%clk 1:25:48]} e6 {[%clk 1:27:13]}
17. Ne4 {[%clk 1:25:33]} Bxe4 {[%clk 1:27:13]} 18. Qxe4 {[%clk 1:25:44]} Nb6
{[%clk 1:27:28]} 19. Nd2 {[%clk 1:24:58]} Nd5 {[%clk 1:26:52]} 20. Qe1
{[%clk 1:24:44]} dxe5 {[%clk 1:26:27]} 21. fxe5 {[%clk 1:24:47]} Qe7
{[%clk 1:22:48]} 22. Ne4 {[%clk 1:20:25]} h6 {[%clk 1:22:55]} 23. Qg3
{[%clk 1:18:29]} f5 {[%clk 1:20:03]} 24. exf6 {[%clk 1:16:52]} Nxf6
{[%clk 1:19:55]} 25. Qxg6 {[%clk 1:16:44]} Nxe4 {[%clk 1:19:35]} 26. Rxf8+
{[%clk 1:15:48]} Rxf8 {[%clk 1:19:57]} 27. Qxe4 {[%clk 1:16:08]} Qf6
{[%clk 1:20:04]} 28. Qe2 {[%clk 1:15:41]} Qf5 {[%clk 1:19:55]} 29. Be3
{[%clk 1:15:08]} e5 {[%clk 1:16:40]} 30. dxe5 {[%clk 1:10:06]} Qxe5
{[%clk 1:15:42]} 31. Qd2 {[%clk 1:10:16]} h5 {[%clk 1:13:42]} 32. Rd1
{[%clk 1:08:53]} Re8 {[%clk 1:11:14]} 33. Bf2 {[%clk 1:08:30]} Qe2
{[%clk 1:10:20]} 34. Qd5+ {[%clk 1:07:46]} Kh7 {[%clk 1:07:01]} 35. Re1
{[%clk 1:06:25]} Re5 {[%clk 1:06:59]} 36. Qf7 {[%clk 1:04:40]} Qxe1+
{[%clk 1:05:30]} 37. Bxe1 {[%clk 1:04:53]} Rxe1+ {[%clk 1:05:53]} 38. Kf2 Re5 39.
Kf3 {[%clk 1:01:27]} Kh6 {[%clk 1:05:44]} 40. Qd7 {[%clk 1:01:02]} Rg5
{[%clk 1:04:59]} 41. Qd2 {[%clk 1:30:30]} h4 {[%clk 1:33:20]} 42. g3 Kh5 43. Qf4
{[%clk 1:27:50]} hxg3 44. hxg3 Kh6 {[%clk 1:30:13]} 45. g4 {[%clk 1:26:40]} Be5
{[%clk 1:29:16]} 46. Qf8+ {[%clk 1:26:25]} Bg7 {[%clk 1:29:17]} 47. Qf4
{[%clk 1:25:48]} Be5 {[%clk 1:28:57]} 48. Qe3 {[%clk 1:25:31]} Bg7
{[%clk 1:26:27]} 49. Kg3 {[%clk 1:25:40]} Be5+ {[%clk 1:25:05]} 50. Kh3
{[%clk 1:25:37]} Bg7 {[%clk 1:24:15]} 51. Qf4 {[%clk 1:23:47]} Be5
{[%clk 1:23:32]} 52. Qd2 {[%clk 1:24:15]} a5 {[%clk 1:20:20]} 53. Qe3
{[%clk 1:20:23]} b4 {[%clk 1:14:40]} 54. cxb4 {[%clk 1:20:14]} Bxb2
{[%clk 1:14:06]} 55. bxa5 {[%clk 1:20:27]} Bf6 {[%clk 1:12:43]} 56. a6
{[%clk 1:20:34]} Kg7 {[%clk 1:11:44]} 57. Qa7+ {[%clk 1:15:20]} Kg6
{[%clk 1:10:49]} 58. Qc7 {[%clk 1:15:08]} Re5 {[%clk 1:07:28]} 59. Qxe5
{[%clk 1:13:58]} Bxe5 {[%clk 1:07:33]} 60. a7 {[%clk 1:14:13]} Bb2
{[%clk 1:07:03]} 61. a8=Q {[%clk 1:14:14]} c3 {[%clk 1:06:50]} 62. a4
{[%clk 1:14:08]} Kf6 {[%clk 1:07:10]} 63. Qc6+ {[%clk 1:14:21]} Ke5
{[%clk 1:06:32]} 64. Qc4 {[%clk 1:14:30]} c2 {[%clk 1:05:16]} 65. Qxc2
{[%clk 1:14:23]} Bd4 {[%clk 1:05:34]} 66. a5 {[%clk 1:14:30]} Kf6
{[%clk 1:06:01]} 67. Qf5+ {[%clk 1:14:33]} Kg7 {[%clk 1:05:54]} 68. Qd7+
{[%clk 1:14:58]} Kh6 {[%clk 1:05:54]} 69. Qxd4 {[%clk 1:15:24]} Kg5
{[%clk 1:06:17]} 70. Kg3 {[%clk 1:15:13]} Kg6 {[%clk 1:06:17]} 71. a6
{[%clk 1:15:39]} Kh7 {[%clk 1:06:36]} 72. a7 {[%clk 1:15:38]} Kh6
{[%clk 1:06:33]} 73. a8=Q Kg6 74. Qg8+ {[%clk 1:15:00]} Kh6 {[%clk 1:06:50]} 75.
Qf6# {[%clk 1:15:18]} 1-0

[Event "World Chess Olympiad 2018"]
[Site "Batumi"]
[Date "2018.09.25"]
[Round "2"]
[Board "2"]
[WhiteFideId "17800048"]
[White "Winston Gerald Mansfield Thomas"]
[BlackFideId "16700058"]
[Black "Mohamed Hassan"]
[Result "1/2-1/2"]
[LiveChessVersion "1.4.8"]
[BlackElo "1846"]
[WhiteElo "1844"]

1. d4 {[%clk 1:30:53]} Nf6 {[%clk 1:30:52]} 2. Nf3 {[%clk 1:31:14]} d5
{[%clk 1:31:12]} 3. Bf4 {[%clk 1:31:23]} Bf5 {[%clk 1:31:05]} 4. e3
{[%clk 1:31:36]} e6 {[%clk 1:31:04]} 5. Bd3 {[%clk 1:31:09]} Bg4 {[%clk 1:31:07]}
6. c4 {[%clk 1:30:55]} Bb4+ {[%clk 1:27:21]} 7. Nc3 {[%clk 1:30:54]} Bxc3+
{[%clk 1:27:45]} 8. bxc3 {[%clk 1:31:14]} O-O {[%clk 1:27:38]} 9. h3
{[%clk 1:30:20]} Bh5 {[%clk 1:25:45]} 10. c5 {[%clk 1:30:06]} Bg6
{[%clk 1:24:37]} 11. Bxg6 {[%clk 1:30:24]} hxg6 {[%clk 1:24:54]} 12. Qb3
{[%clk 1:30:15]} b6 {[%clk 1:23:10]} 13. cxb6 {[%clk 1:30:31]} axb6
{[%clk 1:23:13]} 14. O-O {[%clk 1:30:53]} Nc6 {[%clk 1:23:15]} 15. Nd2
{[%clk 1:29:24]} Qe7 {[%clk 1:19:39]} 16. a4 {[%clk 1:28:39]} e5 {[%clk 1:15:01]}
17. Bh2 {[%clk 1:28:41]} Qe6 {[%clk 1:14:43]} 18. Rfc1 {[%clk 1:22:36]} Rac8
{[%clk 1:06:04]} 19. Nf3 {[%clk 1:20:37]} Na5 {[%clk 1:03:21]} 20. Qd1
{[%clk 1:18:03]} exd4 {[%clk 1:01:32]} 21. cxd4 {[%clk 1:14:20]} c6
{[%clk 0:59:42]} 22. Rab1 {[%clk 1:13:11]} Nd7 {[%clk 0:58:06]} 23. Qd3
{[%clk 1:12:05]} Rfe8 {[%clk 0:52:32]} 24. Rd1 {[%clk 1:04:53]} Ra8
{[%clk 0:44:27]} 25. Nd2 {[%clk 1:01:29]} Rec8 {[%clk 0:44:06]} 26. Bf4
{[%clk 0:57:39]} Ra7 {[%clk 0:43:44]} 27. Qc2 {[%clk 0:55:00]} Rca8
{[%clk 0:39:32]} 28. Rdc1 {[%clk 0:53:58]} c5 {[%clk 0:39:08]} 29. dxc5
{[%clk 0:49:41]} bxc5 {[%clk 0:39:30]} 30. Rb5 {[%clk 0:49:09]} Nc6
{[%clk 0:39:14]} 31. Ra1 {[%clk 0:48:54]} Nb4 {[%clk 0:34:55]} 32. Qb3
{[%clk 0:46:49]} Qf6 {[%clk 0:33:57]} 33. Ra3 {[%clk 0:46:32]} g5
{[%clk 0:32:53]} 34. Bg3 {[%clk 0:46:39]} Qc6 {[%clk 0:31:51]} 35. Nb1
{[%clk 0:46:32]} Nb6 {[%clk 0:31:05]} 36. Qd1 {[%clk 0:40:18]} Nxa4
{[%clk 0:28:12]} 37. Rb8+ {[%clk 0:40:32]} Rxb8 {[%clk 0:28:27]} 38. Bxb8
{[%clk 0:41:01]} Ra8 {[%clk 0:28:36]} 39. Be5 {[%clk 0:40:48]} Nb6
{[%clk 0:28:16]} 40. Rxa8+ {[%clk 1:10:14]} Nxa8 {[%clk 0:58:04]} 41. Bc3
{[%clk 1:09:57]} Nc7 {[%clk 0:56:49]} 42. Qg4 {[%clk 1:09:42]} Ne6
{[%clk 0:51:01]} 43. Bxb4 {[%clk 1:09:42]} Qb5 {[%clk 0:50:58]} 44. Nc3
{[%clk 1:08:45]} Qxb4 {[%clk 0:46:27]} 45. Qxb4 {[%clk 1:08:50]} cxb4
{[%clk 0:46:49]} 46. Nxd5 {[%clk 1:09:09]} b3 {[%clk 0:46:51]} 47. Nc3
{[%clk 1:09:32]} Nc5 {[%clk 0:44:34]} 48. Kf1 {[%clk 1:09:34]} b2
{[%clk 0:42:56]} 49. Nb1 {[%clk 1:09:54]} Kh7 {[%clk 0:42:27]} 50. Ke2
{[%clk 1:10:17]} Kh6 {[%clk 0:42:25]} 51. g4 {[%clk 1:10:27]} Kg6
{[%clk 0:38:40]} 52. f3 {[%clk 1:10:37]} Nd7 {[%clk 0:36:22]} 53. Kd3
{[%clk 1:10:48]} Ne5+ {[%clk 0:35:29]} 54. Ke4 {[%clk 1:11:01]} Kf6
{[%clk 0:34:24]} 55. f4 {[%clk 1:10:47]} Ng6 {[%clk 0:33:52]} 56. Nc3
{[%clk 1:10:41]} Nf8 {[%clk 0:26:51]} 57. Kd3 {[%clk 1:09:55]} gxf4
{[%clk 0:26:02]} 58. exf4 {[%clk 1:10:12]} g5 {[%clk 0:25:04]} 59. Ne4+
{[%clk 1:06:18]} Ke7 {[%clk 0:25:13]} 60. Kc2 {[%clk 1:06:39]} gxf4
{[%clk 0:24:07]} 61. Kxb2 {[%clk 1:07:07]} Ke6 62. Kc3 {[%clk 1:00:13]} Ke5
{[%clk 0:20:08]} 63. Nf2 {[%clk 0:58:04]} f3 {[%clk 0:19:21]} 64. Kd2
{[%clk 0:57:28]} Kf4 {[%clk 0:19:26]} 65. h4 {[%clk 0:57:04]} Kg3
{[%clk 0:17:48]} 66. Ke3 {[%clk 0:56:41]} Nh7 {[%clk 0:17:21]} 67. g5
{[%clk 0:56:24]} Kxh4 {[%clk 0:17:26]} 68. Kxf3 {[%clk 0:56:44]} 1/2-1/2

[Event "World Chess Olympiad 2018"]
[Site "Batumi"]
[Date "2018.09.25"]
[Round "2"]
[Board "3"]
[WhiteFideId "16700406"]
[White "Muhammed Shuaau"]
[BlackFideId "10001034"]
[Black "Lwebuga Ronald"]
[Result "1-0"]
[LiveChessVersion "1.4.8"]
[BlackElo "1819"]
[WhiteElo "1775"]

1. e4 {[%clk 1:30:57]} c5 {[%clk 1:29:59]} 2. Nf3 {[%clk 1:31:24]} d6
{[%clk 1:30:18]} 3. d4 {[%clk 1:31:52]} cxd4 {[%clk 1:30:31]} 4. Nxd4
{[%clk 1:32:19]} Nf6 {[%clk 1:30:49]} 5. Nc3 {[%clk 1:32:46]} a6 {[%clk 1:31:08]}
6. Bg5 {[%clk 1:33:09]} e6 {[%clk 1:31:06]} 7. f4 {[%clk 1:33:36]} Be7
{[%clk 1:31:08]} 8. Qf3 {[%clk 1:31:58]} Nbd7 {[%clk 1:29:37]} 9. O-O-O
{[%clk 1:31:57]} Qc7 {[%clk 1:29:54]} 10. Bd3 {[%clk 1:28:23]} h6
{[%clk 1:26:35]} 11. Bh4 {[%clk 1:24:46]} b5 {[%clk 1:22:20]} 12. Rhe1
{[%clk 1:23:26]} Bb7 {[%clk 1:20:51]} 13. Qg3 {[%clk 1:06:30]} Nc5
{[%clk 1:13:21]} 14. Bxf6 {[%clk 1:01:35]} Nxd3+ {[%clk 1:13:00]} 15. Rxd3
{[%clk 1:00:25]} Bxf6 {[%clk 1:12:57]} 16. e5 {[%clk 0:38:11]} dxe5
{[%clk 1:12:40]} 17. fxe5 {[%clk 0:38:12]} Bg5+ {[%clk 1:08:42]} 18. Kb1
{[%clk 0:38:29]} O-O {[%clk 1:08:19]} 19. Ne4 {[%clk 0:36:03]} Be7
{[%clk 0:58:35]} 20. Nd6 {[%clk 0:28:48]} Bd5 {[%clk 0:57:56]} 21. N4f5
{[%clk 0:25:43]} g6 {[%clk 0:42:51]} 22. Nxh6+ {[%clk 0:24:35]} Kg7
{[%clk 0:43:08]} 23. Nhxf7 {[%clk 0:21:38]} Rxf7 {[%clk 0:34:37]} 24. Nxf7
{[%clk 0:21:52]} Qa5 {[%clk 0:27:19]} 25. Rxd5 {[%clk 0:20:12]} exd5
{[%clk 0:27:10]} 26. Nd6 {[%clk 0:18:07]} Rf8 {[%clk 0:26:19]} 27. c3
{[%clk 0:14:23]} Qa4 {[%clk 0:24:30]} 28. Qd3 {[%clk 0:09:09]} Rf2
{[%clk 0:22:39]} 29. Ne8+ {[%clk 0:04:46]} Kf7 {[%clk 0:19:47]} 30. Nf6
{[%clk 0:05:05]} Bxf6 {[%clk 0:17:05]} 31. exf6 {[%clk 0:05:24]} Kxf6
{[%clk 0:15:18]} 32. Rf1 {[%clk 0:04:39]} Rxf1+ {[%clk 0:15:03]} 33. Qxf1+
{[%clk 0:05:07]} Kg7 {[%clk 0:15:20]} 34. Qd3 {[%clk 0:04:44]} Kh7
{[%clk 0:10:56]} 35. Qxd5 {[%clk 0:03:53]} Qf4 {[%clk 0:10:16]} 36. h3
{[%clk 0:02:51]} Qf1+ {[%clk 0:08:51]} 37. Kc2 {[%clk 0:03:18]} Qe2+
{[%clk 0:09:16]} 38. Kb3 {[%clk 0:03:36]} a5 {[%clk 0:08:13]} 39. a3
{[%clk 0:03:33]} Kh6 {[%clk 0:06:32]} 40. h4 {[%clk 0:32:00]} a4+
{[%clk 0:35:54]} 41. Ka2 {[%clk 0:32:29]} Qf1 {[%clk 0:35:28]} 42. g4
{[%clk 0:32:04]} Qe2 {[%clk 0:35:12]} 43. Qg8 {[%clk 0:30:57]} Qe5
{[%clk 0:32:51]} 44. c4 {[%clk 0:30:34]} bxc4 {[%clk 0:30:49]} 45. Qxc4
{[%clk 0:31:01]} Qe8 {[%clk 0:31:00]} 46. Qf4+ {[%clk 0:30:48]} Kh7
{[%clk 0:30:54]} 47. Qc7+ {[%clk 0:31:08]} Kh6 {[%clk 0:30:47]} 48. Qc4
{[%clk 0:31:36]} Kh7 {[%clk 0:30:45]} 49. g5 {[%clk 0:31:08]} Qd7
{[%clk 0:31:10]} 50. Qe4 {[%clk 0:27:21]} Qf7+ {[%clk 0:30:30]} 51. Kb1
{[%clk 0:27:33]} Qd7 {[%clk 0:27:33]} 52. Kc2 {[%clk 0:26:46]} Qc7+
{[%clk 0:25:53]} 53. Kd3 {[%clk 0:26:48]} Qd6+ {[%clk 0:25:10]} 54. Qd4
{[%clk 0:25:13]} Qa6+ {[%clk 0:24:54]} 55. Kc3 {[%clk 0:25:23]} Qa5+
{[%clk 0:25:02]} 56. Kc4 {[%clk 0:24:47]} Qc7+ {[%clk 0:22:23]} 57. Kb5
{[%clk 0:23:22]} Qb7+ {[%clk 0:21:50]} 58. Kxa4 {[%clk 0:23:29]} Qa6+
{[%clk 0:21:58]} 59. Kb3 {[%clk 0:23:47]} Qe6+ {[%clk 0:22:23]} 60. Qc4
{[%clk 0:24:10]} 1-0

[Event "World Chess Olympiad 2018"]
[Site "Batumi"]
[Date "2018.09.25"]
[Round "2"]
[Board "3"]
[WhiteFideId "9100032"]
[White "Marko Helmut"]
[BlackFideId "12000078"]
[Black "Guller Andras"]
[Result "0-1"]
[LiveChessVersion "1.4.8"]
[BlackElo "2012"]
[WhiteElo "1902"]

1. e4 {[%clk 1:30:48]} c5 {[%clk 1:30:28]} 2. d3 {[%clk 1:30:53]} g6
{[%clk 1:29:16]} 3. Nf3 {[%clk 1:29:45]} Bg7 {[%clk 1:29:14]} 4. g3
{[%clk 1:29:35]} Nc6 {[%clk 1:29:08]} 5. Bg2 {[%clk 1:29:22]} d6 {[%clk 1:28:26]}
6. c3 {[%clk 1:28:53]} e5 {[%clk 1:26:20]} 7. O-O {[%clk 1:26:26]} Nge7
{[%clk 1:24:14]} 8. Be3 {[%clk 1:25:22]} O-O {[%clk 1:21:59]} 9. Qd2
{[%clk 1:21:10]} a5 {[%clk 1:04:42]} 10. a4 {[%clk 1:20:28]} Be6 {[%clk 0:59:17]}
11. Bh6 {[%clk 1:16:24]} Qd7 {[%clk 0:57:41]} 12. Bxg7 {[%clk 1:16:31]} Kxg7
{[%clk 0:58:03]} 13. Ng5 {[%clk 1:11:29]} f6 {[%clk 0:57:21]} 14. Nxe6+
{[%clk 1:11:19]} Qxe6 {[%clk 0:57:41]} 15. Na3 {[%clk 1:09:52]} d5
{[%clk 0:49:33]} 16. Nc2 {[%clk 0:58:55]} Rad8 {[%clk 0:39:06]} 17. Qe2
{[%clk 0:57:40]} d4 {[%clk 0:38:37]} 18. c4 {[%clk 0:53:00]} b6 {[%clk 0:36:05]}
19. Rae1 {[%clk 0:51:05]} Qd7 {[%clk 0:34:23]} 20. b3 {[%clk 0:50:47]} g5
{[%clk 0:32:44]} 21. Bf3 {[%clk 0:41:56]} Ng6 {[%clk 0:31:04]} 22. Bg4
{[%clk 0:38:53]} Qf7 {[%clk 0:31:15]} 23. Kg2 {[%clk 0:38:14]} Rh8
{[%clk 0:30:10]} 24. Bh5 {[%clk 0:33:43]} Qd7 {[%clk 0:28:38]} 25. Rh1
{[%clk 0:29:19]} Nce7 {[%clk 0:25:58]} 26. Bg4 {[%clk 0:28:58]} Qe8
{[%clk 0:26:09]} 27. Reg1 {[%clk 0:26:56]} h5 {[%clk 0:25:22]} 28. Bf5
{[%clk 0:24:21]} Nxf5 {[%clk 0:24:28]} 29. exf5 {[%clk 0:24:41]} Qc6+
{[%clk 0:24:29]} 30. Qf3 {[%clk 0:23:09]} Qxf3+ {[%clk 0:24:12]} 31. Kxf3
{[%clk 0:23:31]} Ne7 {[%clk 0:24:16]} 32. Ke4 {[%clk 0:16:36]} Nc8
{[%clk 0:22:17]} 33. g4 {[%clk 0:12:28]} hxg4 {[%clk 0:21:11]} 34. Rxg4
{[%clk 0:12:13]} Nd6+ {[%clk 0:19:57]} 35. Kf3 {[%clk 0:11:25]} Nxf5
{[%clk 0:19:48]} 36. Ne1 {[%clk 0:10:57]} Nh4+ {[%clk 0:17:25]} 37. Ke2
{[%clk 0:10:38]} Kg6 {[%clk 0:16:35]} 38. Rhg1 {[%clk 0:09:29]} Kf7
{[%clk 0:12:38]} 39. Rh1 {[%clk 0:09:25]} Ng6 {[%clk 0:11:21]} 40. Ng2
{[%clk 0:36:40]} Rh3 {[%clk 0:38:57]} 41. Rg3 {[%clk 0:36:03]} Rdh8
{[%clk 0:38:49]} 42. Rxh3 {[%clk 0:35:56]} Rxh3 {[%clk 0:39:10]} 43. f3
{[%clk 0:34:51]} Ke6 {[%clk 0:37:47]} 44. Kf2 {[%clk 0:34:26]} Kf5
{[%clk 0:37:45]} 45. Ne1 {[%clk 0:31:53]} Nf4 {[%clk 0:37:36]} 46. Kf1
{[%clk 0:31:34]} g4 47. fxg4+ {[%clk 0:31:03]} Kxg4 {[%clk 0:36:25]} 48. Rg1+
{[%clk 0:27:49]} Kf5 {[%clk 0:36:37]} 49. Rg7 {[%clk 0:27:10]} Rxh2
{[%clk 0:36:37]} 50. Rb7 {[%clk 0:26:15]} Rh3 {[%clk 0:32:20]} 51. Rxb6
{[%clk 0:25:50]} Nxd3 {[%clk 0:32:31]} 52. Ng2 {[%clk 0:23:02]} e4
{[%clk 0:25:32]} 53. Rb5 {[%clk 0:21:54]} Rh1+ {[%clk 0:24:58]} 54. Ke2
{[%clk 0:22:11]} Rh2 {[%clk 0:25:20]} 55. Kf1 {[%clk 0:21:40]} e3
{[%clk 0:25:37]} 56. Ne1 {[%clk 0:19:12]} Rf2+ {[%clk 0:25:17]} 57. Kg1
{[%clk 0:19:05]} Nxe1 {[%clk 0:25:40]} 58. Rxc5+ {[%clk 0:18:51]} Kf4
{[%clk 0:25:58]} 59. Rh5 {[%clk 0:18:30]} Nf3+ {[%clk 0:26:17]} 0-1

[Event "World Chess Olympiad 2018"]
[Site "Batumi"]
[Date "2018.09.25"]
[Round "2"]
[Board "4"]
[WhiteFideId "200450"]
[White "Iclicki Willy"]
[BlackFideId "9100121"]
[Black "Jones Rupert"]
[Result "1/2-1/2"]
[LiveChessVersion "1.4.8"]
[BlackElo "1790"]
[WhiteElo "1992"]

1. d4 d5 2. c4 dxc4 3. Nf3 a6 4. a4 Bg4 5. e3 e6 6. Bxc4 Nc6 7. O-O Nf6 8. b3 Bd6
9. Bb2 O-O 10. Be2 Qe7 11. Ne5 Bxe2 12. Qxe2 Nb4 13. Nd2 c6 14. Ndc4 a5 15. h3
Bc7 16. Rfc1 Rfd8 17. Rd1 Rac8 18. Ba3 Nfd5 19. Rac1 Qe8 20. Nd3 Nxd3 21. Rxd3 f6
22. Rcd1 Qg6 23. Qg4 Qxg4 24. hxg4 Kf7 25. Kf1 g6 26. Ke2 Kg7 27. g3 Kf7 28. Rh1
Rh8 29. e4 Nb4 30. Bxb4 axb4 31. Rhd1 Rcd8 32. Ne3 Rd7 33. Nc2 Ba5 34. f3 Rhd8
35. Rh1 Kg7 36. Rhd1 Kf7 37. Rh1 Kg7 1/2-1/2

[Event "Wolrd Chess Olympiad 2018"]
[Site "Batumi"]
[Date "2018.09.25"]
[Round "2"]
[Board "2"]
[WhiteFideId "7601948"]
[White "Chekh Adm Khedr Aram"]
[BlackFideId "14317176"]
[Black "Khalema Sechaba"]
[Result "1-0"]
[LiveChessVersion "1.4.8"]
[BlackElo "1779"]
[WhiteElo "2171"]

1. e4 {[%clk 1:30:57]} e5 {[%clk 1:30:17]} 2. Nf3 {[%clk 1:30:47]} Nc6
{[%clk 1:28:21]} 3. Bc4 {[%clk 1:30:50]} Bc5 {[%clk 1:18:39]} 4. c3
{[%clk 1:29:38]} Nf6 {[%clk 1:12:22]} 5. d4 {[%clk 1:27:40]} exd4
{[%clk 1:09:34]} 6. cxd4 {[%clk 1:28:05]} Bb4+ {[%clk 1:09:33]} 7. Nc3
{[%clk 1:27:30]} d5 {[%clk 1:09:45]} 8. exd5 {[%clk 1:27:26]} Nxd5
{[%clk 1:09:58]} 9. O-O {[%clk 1:26:52]} Bxc3 {[%clk 1:04:00]} 10. bxc3
{[%clk 1:27:12]} O-O {[%clk 1:02:55]} 11. Qc2 {[%clk 1:22:55]} Nce7
{[%clk 0:56:11]} 12. Bd3 {[%clk 1:13:36]} Ng6 {[%clk 0:55:55]} 13. Re1
{[%clk 1:13:42]} Bd7 {[%clk 0:52:10]} 14. Rb1 {[%clk 1:05:07]} Qc8
{[%clk 0:48:20]} 15. Ne5 {[%clk 1:02:59]} Re8 {[%clk 0:48:10]} 16. Bd2
{[%clk 1:02:27]} c6 {[%clk 0:48:06]} 17. c4 {[%clk 0:50:56]} Nde7
{[%clk 0:42:52]} 18. Nxd7 {[%clk 0:38:33]} Qxd7 {[%clk 0:39:48]} 19. Bc3
{[%clk 0:39:00]} a6 {[%clk 0:36:24]} 20. a4 {[%clk 0:39:15]} h6 {[%clk 0:36:33]}
21. g3 {[%clk 0:35:35]} Nf8 {[%clk 0:31:00]} 22. Qb2 {[%clk 0:34:05]} Rab8
{[%clk 0:29:27]} 23. d5 {[%clk 0:20:28]} f6 {[%clk 0:28:58]} 24. Rbd1
{[%clk 0:19:14]} cxd5 {[%clk 0:22:43]} 25. cxd5 {[%clk 0:18:34]} Nf5
{[%clk 0:20:28]} 26. Qb3 {[%clk 0:06:14]} Nd6 {[%clk 0:20:45]} 27. Bb4
{[%clk 0:06:33]} Rxe1+ {[%clk 0:14:20]} 28. Rxe1 {[%clk 0:06:57]} Re8
{[%clk 0:14:44]} 29. Rxe8 {[%clk 0:05:59]} Nxe8 {[%clk 0:14:59]} 30. d6+
{[%clk 0:05:14]} Kh8 {[%clk 0:15:18]} 31. Qd5 {[%clk 0:04:55]} Nc7
{[%clk 0:09:30]} 32. Qxb7 {[%clk 0:05:17]} Nce6 {[%clk 0:09:27]} 33. Qxd7
{[%clk 0:05:21]} Nxd7 {[%clk 0:09:47]} 34. Bxa6 {[%clk 0:05:47]} Nb6
{[%clk 0:08:57]} 35. Bb5 {[%clk 0:05:50]} Nf8 {[%clk 0:09:06]} 36. Bc5
{[%clk 0:06:06]} Nbd7 {[%clk 0:09:08]} 37. Bd4 {[%clk 0:06:16]} Nb8
{[%clk 0:09:23]} 38. a5 {[%clk 0:06:24]} 1-0

[Event "Wolrd Chess Olympiad 2018"]
[Site "Batumi"]
[Date "2018.09.25"]
[Round "2"]
[Board "3"]
[WhiteFideId "21300550"]
[White "Theko Khanyapa"]
[BlackFideId "7603495"]
[Black "Koniahli Malek."]
[Result "0-1"]
[LiveChessVersion "1.4.8"]
[BlackElo "2328"]
[WhiteElo "1655"]

1. e4 {[%clk 1:30:35]} g6 {[%clk 1:30:55]} 2. d4 {[%clk 1:30:37]} Bg7
{[%clk 1:31:19]} 3. Nf3 {[%clk 1:30:38]} c6 {[%clk 1:31:30]} 4. Nc3
{[%clk 1:30:25]} d6 {[%clk 1:31:52]} 5. Be2 {[%clk 1:30:22]} Nd7 {[%clk 1:32:03]}
6. Be3 {[%clk 1:26:25]} Ngf6 {[%clk 1:30:15]} 7. h3 {[%clk 1:26:39]} e5
{[%clk 1:30:30]} 8. dxe5 {[%clk 1:25:08]} dxe5 {[%clk 1:30:58]} 9. Qd6
{[%clk 1:24:51]} Bf8 {[%clk 1:22:04]} 10. Qd3 {[%clk 1:24:18]} Qc7
{[%clk 1:22:27]} 11. O-O {[%clk 1:19:31]} Nc5 {[%clk 1:21:26]} 12. Bxc5
{[%clk 1:18:28]} Bxc5 {[%clk 1:21:54]} 13. Rad1 {[%clk 1:16:53]} O-O
{[%clk 1:22:11]} 14. Na4 {[%clk 1:15:08]} Be7 {[%clk 1:21:39]} 15. c4
{[%clk 1:14:06]} Nh5 {[%clk 1:20:49]} 16. Nh2 {[%clk 1:08:36]} Nf4
{[%clk 1:20:57]} 17. Qf3 {[%clk 1:08:02]} Qa5 {[%clk 1:18:29]} 18. Nc3
{[%clk 1:05:05]} Qb4 {[%clk 1:18:32]} 19. Rd2 {[%clk 1:02:25]} Be6
{[%clk 1:18:06]} 20. Ng4 {[%clk 0:57:59]} Nxe2+ {[%clk 1:16:35]} 21. Qxe2
{[%clk 0:55:09]} Bxc4 {[%clk 1:16:43]} 22. Qf3 {[%clk 0:55:11]} Bxf1
{[%clk 1:16:58]} 23. Kxf1 {[%clk 0:54:31]} Qc4+ {[%clk 1:16:42]} 24. Kg1
{[%clk 0:54:43]} Qe6 {[%clk 1:17:06]} 25. Qg3 {[%clk 0:45:42]} Rad8
{[%clk 1:15:58]} 26. Re2 {[%clk 0:41:16]} f6 {[%clk 1:14:10]} 27. Nh6+
{[%clk 0:37:41]} Kh8 {[%clk 1:14:05]} 28. h4 {[%clk 0:32:16]} b5 {[%clk 1:11:29]}
29. a3 {[%clk 0:29:36]} a5 {[%clk 1:11:39]} 30. f4 {[%clk 0:19:01]} exf4
{[%clk 1:11:06]} 31. Qxf4 Bc5+ 32. Kh1 {[%clk 0:16:54]} b4 {[%clk 1:11:30]} 33.
Na4 {[%clk 0:14:15]} Rd1+ {[%clk 1:10:18]} 34. Kh2 {[%clk 0:14:37]} Bg1+
{[%clk 1:10:37]} 35. Kg3 {[%clk 0:08:14]} Rd3+ {[%clk 1:11:01]} 0-1

[Event "Wolrd Chess Olympiad 2018"]
[Site "Batumi"]
[Date "2018.09.25"]
[Round "2"]
[Board "4"]
[WhiteFideId "7601875"]
[White "Eiti Bashir"]
[BlackFideId "14317281"]
[Black "Lekau Ramokotjo"]
[Result "1-0"]
[LiveChessVersion "1.4.8"]
[BlackElo "1627"]
[WhiteElo "2259"]

1. d4 {[%clk 1:30:49]} d5 {[%clk 1:30:24]} 2. Nf3 {[%clk 1:31:08]} e6
{[%clk 1:30:15]} 3. Bf4 {[%clk 1:31:05]} Nf6 {[%clk 1:27:05]} 4. e3
{[%clk 1:31:24]} c5 {[%clk 1:25:28]} 5. c3 {[%clk 1:31:43]} Be7 {[%clk 1:25:30]}
6. Nbd2 {[%clk 1:31:53]} Nbd7 {[%clk 1:24:43]} 7. Bd3 {[%clk 1:31:40]} Qb6
{[%clk 1:24:06]} 8. Qc2 {[%clk 1:28:57]} c4 {[%clk 1:20:11]} 9. Be2
{[%clk 1:29:21]} Qa6 {[%clk 1:18:50]} 10. O-O {[%clk 1:27:31]} b5
{[%clk 1:17:34]} 11. a4 {[%clk 1:27:01]} b4 {[%clk 1:15:10]} 12. cxb4
{[%clk 1:26:36]} Bxb4 {[%clk 1:10:42]} 13. b3 {[%clk 1:26:40]} cxb3
{[%clk 1:09:15]} 14. Nxb3 {[%clk 1:26:43]} Qb6 {[%clk 1:08:49]} 15. a5
{[%clk 1:26:59]} Bxa5 {[%clk 0:47:30]} 16. Nxa5 {[%clk 1:26:50]} O-O
{[%clk 0:42:28]} 17. Bc7 {[%clk 1:26:23]} Qb4 {[%clk 0:41:38]} 18. Nc6
{[%clk 1:23:16]} Qb7 {[%clk 0:26:28]} 19. Ba6 {[%clk 1:21:20]} Qxa6
{[%clk 0:25:22]} 20. Rxa6 {[%clk 1:21:41]} Bxa6 {[%clk 0:25:40]} 21. Ra1
{[%clk 1:21:43]} Bb5 {[%clk 0:25:31]} 22. Bd6 {[%clk 1:20:47]} Rfe8
{[%clk 0:25:03]} 23. Ne7+ {[%clk 1:20:32]} Kh8 {[%clk 0:24:18]} 24. Ng5
{[%clk 1:17:22]} g6 {[%clk 0:22:03]} 25. Nxf7+ {[%clk 1:17:06]} Kg7
{[%clk 0:21:47]} 26. Ng5 {[%clk 1:17:31]} Nf8 {[%clk 0:21:09]} 27. Qc7
{[%clk 1:16:26]} N8d7 {[%clk 0:19:44]} 28. Nxe6+ 1-0